[Event "Sydney NSW op"]
[Site "Sydney"]
[Date "2019.06.09"]
[Round "4"]
[White "Smetankin, Stanislav"]
[Black "Bjelobrk, Igor"]
[Result "1/2-1/2"]
[WhiteElo "2506"]
[BlackElo "2397"]
[PlyCount "43"]
[EventDate "2019.06.08"]
[EventType "swiss"]
[EventRounds "7"]
[EventCountry "AUS"]
[SourceTitle "CBM 190 Extra"]
[Source "ChessBase"]
[SourceDate "2019.07.15"]
[SourceVersion "1"]
[SourceVersionDate "2019.07.15"]
[SourceQuality "1"]

1. c4 e6 2. Nf3 d5 3. e3 Nf6 4. b3 dxc4 5. bxc4 c5 6. Bb2 Nc6 7. Be2 b6 8. 0-0 Be7 9. d4 cxd4 10. exd4 0-0 11. Nbd2 Bb7 12. Rc1 Rc8 13. Bd3 Qd6 14. Qe2 Qf4 15. a3 Rfe8 16. Rfe1 Bd6 17. Bb1 Rcd8 18. Nf1 Bb8 19. Ng3 Na5 20. Rc3 Qh6 21. Bc1 Bf4 22. Be3 1/2-1/2

[Event "Schaumburg GM-A"]
[Site "Schaumburg"]
[Date "2006.04.22"]
[Round "9"]
[White "Finegold, Benjamin"]
[Black "Smetankin, Stanislav"]
[Result "1/2-1/2"]
[WhiteElo "2563"]
[BlackElo "2486"]
[PlyCount "53"]
[EventDate "2006.04.18"]
[EventType "tourn"]
[EventRounds "9"]
[EventCountry "USA"]
[EventCategory "10"]
[SourceTitle "CBM 111 Extra"]
[Source "ChessBase"]
[SourceDate "2006.05.09"]
[SourceVersion "1"]
[SourceVersionDate "2006.05.09"]
[SourceQuality "1"]

1. d4 Nf6 2. Nc3 d5 3. Bg5 Nbd7 4. e3 c6 5. Nf3 g6 6. Bd3 Bg7 7. 0-0 h6 8. Bh4 g5 9. Bg3 Nh5 10. Be5 Nxe5 11. Nxe5 Nf6 12. Qe2 Nd7 13. f4 0-0 14. fxg5 Nxe5 15. dxe5 Bxe5 16. Qh5 Qd6 17. Rf3 Bg7 18. Raf1 Qe5 19. Rxf7 Be6 20. Rxf8+ Rxf8 21. Rxf8+ Bxf8 22. Qg6+ Bg7 23. Qe8+ Bf8 24. Qg6+ Bg7 25. Qe8+ Bf8 26. Qg6+ Bg7 27. Qe8+ 1/2-1/2

[Event "Schaumburg GM-A"]
[Site "Schaumburg"]
[Date "2006.04.20"]
[Round "5"]
[White "Smetankin, Stanislav"]
[Black "Krush, Irina"]
[Result "1/2-1/2"]
[WhiteElo "2486"]
[BlackElo "2437"]
[PlyCount "87"]
[EventDate "2006.04.18"]
[EventType "tourn"]
[EventRounds "9"]
[EventCountry "USA"]
[EventCategory "10"]
[SourceTitle "CBM 111 Extra"]
[Source "ChessBase"]
[SourceDate "2006.05.09"]
[SourceVersion "1"]
[SourceVersionDate "2006.05.09"]
[SourceQuality "1"]

1. e4 c5 2. Nf3 d6 3. d4 cxd4 4. Nxd4 Nf6 5. Nc3 Nc6 6. Bc4 Qb6 7. Nb3 e6 8. 0-0 Be7 9. a4 0-0 10. a5 Qc7 11. Be2 Nb4 12. Ra4 d5 13. exd5 exd5 14. Bg5 d4 15. Nb5 Qxc2 16. Bxf6 gxf6 17. Qxc2 Nxc2 18. Nc7 Be6 19. Nxe6 fxe6 20. Rc4 Rad8 21. Rd1 d3 22. Rxd3 Rxd3 23. Bxd3 Nb4 24. Rc7 Nxd3 25. Rxe7 Rf7 26. Rxe6 Nxb2 27. Re8+ Kg7 28. Ra8 b6 29. Rb8 bxa5 30. Nxa5 Rc7 31. g3 Nd3 32. Nb3 Kg6 33. Nd4 Rc4 34. Nf3 a5 35. Nh4+ Kf7 36. Rb7+ Ke6 37. Rxh7 Rc1+ 38. Kg2 Rc2 39. Kf3 Ne5+ 40. Ke4 Rxf2 41. Ra7 Re2+ 42. Kf4 Rf2+ 43. Ke4 Re2+ 44. Kf4 1/2-1/2

[Event "Chicago Winter"]
[Site "Chicago"]
[Date "2006.01.12"]
[Round "7"]
[White "Krush, Irina"]
[Black "Smetankin, Stanislav"]
[Result "1/2-1/2"]
[WhiteElo "2447"]
[BlackElo "2485"]
[PlyCount "66"]
[EventDate "2006.01.09"]
[EventType "tourn"]
[EventRounds "9"]
[EventCountry "USA"]
[EventCategory "10"]
[SourceTitle "EXT 2007"]
[Source "ChessBase"]
[SourceDate "2006.11.23"]
[SourceVersion "1"]
[SourceVersionDate "2006.11.23"]
[SourceQuality "1"]

1. d4 Nf6 2. c4 c5 3. d5 e6 4. Nc3 exd5 5. cxd5 d6 6. e4 g6 7. f4 Bg7 8. Bb5+ Nfd7 9. a4 Qh4+ 10. g3 Qe7 11. Nf3 0-0 12. 0-0 Na6 13. Re1 Nb4 14. e5 dxe5 15. d6 Qe6 16. fxe5 a6 17. Bf1 Nxe5 18. Nxe5 Bxe5 19. Rxe5 Qxe5 20. d7 Bxd7 21. Qxd7 Rad8 22. Qxb7 g5 23. Qf3 Rfe8 24. Bxg5 Qxg5 25. Ne4 Rxe4 26. Qxe4 Rd2 27. Bc4 Nd5 28. a5 Kg7 29. Bxa6 Nf6 30. Qf4 Qd5 31. Bf1 Ne4 32. Qg4+ Kf8 33. Qc8+ Kg7 1/2-1/2

[Event "Chicago Winter"]
[Site "Chicago"]
[Date "2006.01.11"]
[Round "5"]
[White "Finegold, Benjamin"]
[Black "Smetankin, Stanislav"]
[Result "1/2-1/2"]
[WhiteElo "2563"]
[BlackElo "2485"]
[PlyCount "71"]
[EventDate "2006.01.09"]
[EventType "tourn"]
[EventRounds "9"]
[EventCountry "USA"]
[EventCategory "10"]
[SourceTitle "EXT 2007"]
[Source "ChessBase"]
[SourceDate "2006.11.23"]
[SourceVersion "1"]
[SourceVersionDate "2006.11.23"]
[SourceQuality "1"]

1. d4 Nf6 2. c4 c5 3. d5 e6 4. Nc3 exd5 5. cxd5 d6 6. e4 g6 7. h3 Bg7 8. Nf3 0-0 9. Bd3 a6 10. a4 Nbd7 11. 0-0 Qe7 12. Re1 Nh5 13. Bg5 Bf6 14. Bh6 Re8 15. Qd2 Ne5 16. Be2 Nxf3+ 17. Bxf3 Ng7 18. Bf4 Be5 19. Rab1 Bd7 20. b4 Rec8 21. Bxe5 Qxe5 22. bxc5 Rxc5 23. Rxb7 Bxh3 24. Ne2 Bc8 25. Rb6 Bd7 26. a5 Ne8 27. Nd4 Bb5 28. Rb1 Nc7 29. g3 h5 30. Bg2 Rd8 31. Nxb5 axb5 32. Rc1 Ra8 33. f4 Rxc1+ 34. Qxc1 Qd4+ 35. Kh2 Ne8 36. Qg1 1/2-1/2

[Event "Chicago Winter"]
[Site "Chicago"]
[Date "2006.01.11"]
[Round "6"]
[White "Smetankin, Stanislav"]
[Black "Young, Angelo"]
[Result "1-0"]
[WhiteElo "2485"]
[BlackElo "2380"]
[PlyCount "49"]
[EventDate "2006.01.09"]
[EventType "tourn"]
[EventRounds "9"]
[EventCountry "USA"]
[EventCategory "10"]
[SourceTitle "EXT 2007"]
[Source "ChessBase"]
[SourceDate "2006.11.23"]
[SourceVersion "1"]
[SourceVersionDate "2006.11.23"]
[SourceQuality "1"]

1. e4 e6 2. d4 d5 3. Nd2 c5 4. Ngf3 cxd4 5. exd5 Qxd5 6. Bc4 Qd8 7. 0-0 Nc6 8. Nb3 a6 9. a4 Nf6 10. Qe2 Qc7 11. Nbxd4 Nxd4 12. Nxd4 Bd6 13. Nf5 Bxh2+ 14. Kh1 Bf4 15. Nxg7+ Kf8 16. Qf3 Qxc4 17. Bxf4 Kxg7 18. Qg3+ Kf8 19. Rfd1 Bd7 20. Bd6+ Ke8 21. Qg5 Ng8 22. Qg7 Qh4+ 23. Kg1 Qh6 24. Qxh8 Qg6 25. Rd3 1-0

[Event "Martinovsky Memorial"]
[Site "Bolingbrook"]
[Date "2005.08.23"]
[Round "9"]
[White "Smetankin, Stanislav"]
[Black "Finegold, Benjamin"]
[Result "0-1"]
[WhiteElo "2479"]
[BlackElo "2522"]
[PlyCount "90"]
[EventDate "2005.08.19"]
[EventType "tourn"]
[EventRounds "10"]
[EventCountry "USA"]
[EventCategory "11"]
[SourceTitle "CBM 107 Extra"]
[Source "ChessBase"]
[SourceDate "2005.09.01"]
[SourceVersion "1"]
[SourceVersionDate "2005.09.01"]
[SourceQuality "1"]

1. c4 b6 2. Nf3 Bb7 3. g3 c5 4. Bg2 g6 5. 0-0 Bg7 6. Nc3 Nf6 7. d4 cxd4 8. Qxd4 0-0 9. Qh4 d6 10. Bh6 Nbd7 11. Rac1 Rc8 12. b3 Rc5 13. Bxg7 Kxg7 14. Qd4 Kg8 15. Rfd1 Rh5 16. Qe3 Nc5 17. h3 Ne6 18. b4 Rf5 19. Nd4 Nxd4 20. Bxb7 Ne6 21. Bg2 Qd7 22. Nd5 Rd8 23. a3 Re5 24. Qxe5 dxe5 25. Nxf6+ exf6 26. Rxd7 Rxd7 27. e3 Rd3 28. Ra1 Kf8 29. Kf1 Rd2 30. Ke1 Rc2 31. Bd5 Ng5 32. h4 Nh3 33. f4 Nf2 34. fxe5 fxe5 35. Bf3 e4 36. Be2 Nd3+ 37. Kd1 Rb2 38. Bxd3 exd3 39. c5 bxc5 40. bxc5 Ke7 41. a4 Re2 42. Ra3 Rxe3 43. Kd2 Rxg3 44. Rc3 Kd7 45. a5 Kc6 0-1

[Event "Martinovsky Memorial"]
[Site "Bolingbrook"]
[Date "2005.08.20"]
[Round "4"]
[White "Finegold, Benjamin"]
[Black "Smetankin, Stanislav"]
[Result "1/2-1/2"]
[WhiteElo "2522"]
[BlackElo "2479"]
[PlyCount "97"]
[EventDate "2005.08.19"]
[EventType "tourn"]
[EventRounds "10"]
[EventCountry "USA"]
[EventCategory "11"]
[SourceTitle "CBM 107 Extra"]
[Source "ChessBase"]
[SourceDate "2005.09.01"]
[SourceVersion "1"]
[SourceVersionDate "2005.09.01"]
[SourceQuality "1"]

1. d4 Nf6 2. c4 c5 3. d5 e6 4. Nc3 exd5 5. cxd5 d6 6. e4 g6 7. h3 Bg7 8. Nf3 0-0 9. Bd3 b5 10. Bxb5 Nxe4 11. Nxe4 Qa5+ 12. Nfd2 Qxb5 13. Nxd6 Qd3 14. N2c4 Qxd1+ 15. Kxd1 Ba6 16. Kc2 Nd7 17. Rd1 Nb6 18. Nxb6 axb6 19. Bg5 Ra7 20. a4 Rd7 21. Nb5 Bb7 22. Nc3 Bxc3 23. Kxc3 Rxd5 24. Rxd5 Bxd5 25. g3 Be6 26. h4 Ra8 27. b3 Kg7 28. Be3 Ra6 29. Rd1 c4 30. b4 Rxa4 31. Bxb6 Ra3+ 32. Kd4 Rb3 33. Kc5 c3 34. Rc1 Kf6 35. Ba5 Ke7 36. b5 Bd7 37. Bb4 Kd8 38. b6 Kc8 39. Bxc3 Rb5+ 40. Kd6 Rxb6+ 41. Ke7 Rc6 42. Kxf7 h5 43. Kg7 Bf5 44. Kh6 Rc4 45. Kg5 Kb7 46. f3 Kc6 47. Kf6 Bd3 48. f4 Rc5 49. Bd2 1/2-1/2

[Event "Kiel op 15th"]
[Site "Kiel"]
[Date "2002.08.16"]
[Round "9"]
[White "Miezis, Normunds"]
[Black "Smetankin, Stanislav"]
[Result "1/2-1/2"]
[WhiteElo "2510"]
[BlackElo "2455"]
[PlyCount "21"]
[EventDate "2002.08.10"]
[EventType "swiss"]
[EventRounds "9"]
[EventCountry "GER"]
[SourceTitle "EXT 2003"]
[Source "ChessBase"]
[SourceDate "2002.11.25"]
[SourceVersion "1"]
[SourceVersionDate "2002.11.25"]
[SourceQuality "1"]

1. c4 c5 2. Nc3 Nc6 3. g3 g6 4. Bg2 Bg7 5. d3 d6 6. a3 e6 7. e4 Nge7 8. Nge2 0-0 9. Rb1 b6 10. b4 Bb7 11. 0-0 1/2-1/2

[Event "Kiel op 15th"]
[Site "Kiel"]
[Date "2002.08.13"]
[Round "5"]
[White "Baramidze, David"]
[Black "Smetankin, Stanislav"]
[Result "0-1"]
[WhiteElo "2351"]
[BlackElo "2455"]
[PlyCount "44"]
[EventDate "2002.08.10"]
[EventType "swiss"]
[EventRounds "9"]
[EventCountry "GER"]
[SourceTitle "EXT 2003"]
[Source "ChessBase"]
[SourceDate "2002.11.25"]
[SourceVersion "1"]
[SourceVersionDate "2002.11.25"]
[SourceQuality "1"]

1. e4 c5 2. Nf3 d6 3. d4 cxd4 4. Nxd4 Nf6 5. Nc3 a6 6. f3 e6 7. Be3 b5 8. g4 Bb7 9. Qd2 Nfd7 10. 0-0-0 Nb6 11. Qf2 N8d7 12. Kb1 Rc8 13. Nce2 d5 14. exd5 Nxd5 15. Nf4 Nxe3 16. Qxe3 Bc5 17. Nh5 0-0 18. Qd2 Ne5 19. Bg2 Nc4 20. Qc3 Bxd4 21. Qxd4 Qxd4 22. Rxd4 Ne3 0-1

[Event "Condom op 1st"]
[Site "Condom"]
[Date "2002.07.17"]
[Round "7"]
[White "Smetankin, Stanislav"]
[Black "Todorov, Todor"]
[Result "1/2-1/2"]
[WhiteElo "2455"]
[BlackElo "2455"]
[PlyCount "47"]
[EventDate "2002.07.13"]
[EventType "swiss"]
[EventRounds "9"]
[EventCountry "FRA"]
[SourceTitle "CBM 089 Extra"]
[Source "ChessBase"]
[SourceDate "2002.09.10"]
[SourceVersion "2"]
[SourceVersionDate "2002.09.10"]
[SourceQuality "1"]

1. e4 g6 2. d4 Bg7 3. c4 d6 4. Nc3 e5 5. Nge2 Nc6 6. Be3 Bh6 7. Bxh6 Nxh6 8. d5 Nb8 9. Qd2 Ng4 10. f3 Nf6 11. Nc1 Nbd7 12. Nd3 Nc5 13. Nxc5 dxc5 14. 0-0-0 a6 15. g3 Qd6 16. Qh6 Bd7 17. Bh3 0-0-0 18. Bxd7+ Rxd7 19. g4 Qf8 20. Qxf8+ Rxf8 21. h4 Ne8 22. b3 Nd6 23. Kd2 f6 24. Rde1 1/2-1/2

[Event "Condom op 1st"]
[Site "Condom"]
[Date "2002.07.14"]
[Round "2"]
[White "Smetankin, Stanislav"]
[Black "Cotonnec, Antoine"]
[Result "1-0"]
[WhiteElo "2455"]
[BlackElo "2008"]
[PlyCount "68"]
[EventDate "2002.07.13"]
[EventType "swiss"]
[EventRounds "9"]
[EventCountry "FRA"]
[SourceTitle "CBM 089 Extra"]
[Source "ChessBase"]
[SourceDate "2002.09.10"]
[SourceVersion "2"]
[SourceVersionDate "2002.09.10"]
[SourceQuality "1"]

1. e4 g6 2. d4 Bg7 3. c4 d6 4. Nc3 f5 5. exf5 gxf5 6. Qh5+ Kd7 7. Qxf5+ e6 8. Qd3 Nc6 9. Nf3 Nf6 10. Be2 b6 11. 0-0 Bb7 12. Bg5 Qe8 13. Rfe1 Nb4 14. Qd2 Qg6 15. a3 Bxf3 16. Bxf3 Nc2 17. Bxa8 Rxa8 18. Rac1 Nxe1 19. Rxe1 Rf8 20. d5 e5 21. Bxf6 Bxf6 22. Ne4 Rg8 23. f3 Bg5 24. Qc2 Bh4 25. g3 a5 26. b4 axb4 27. axb4 Bd8 28. c5 bxc5 29. bxc5 Qf7 30. cxd6 Qxd5 31. Rd1 c6 32. Rxd5 cxd5 33. Qa4+ Ke6 34. Nc3 Kxd6 1-0

[Event "Pelaro op"]
[Site "Gothenburg"]
[Date "2002.06.16"]
[Round "9"]
[White "Carlsen, Magnus"]
[Black "Smetankin, Stanislav"]
[Result "1/2-1/2"]
[WhiteElo "2163"]
[BlackElo "2455"]
[PlyCount "36"]
[EventDate "2002.06.08"]
[EventType "swiss"]
[EventRounds "9"]
[EventCountry "SWE"]
[SourceTitle "EXT 2023"]
[Source "ChessBase"]
[SourceDate "2022.10.05"]
[SourceVersion "1"]
[SourceVersionDate "2022.10.05"]
[SourceQuality "1"]

1. Nf3 f5 2. g3 Nf6 3. Bg2 d6 4. d4 e6 5. 0-0 Be7 6. Bg5 0-0 7. Nbd2 Nbd7 8. c3 Qe8 9. Qb3 d5 10. Ne5 Nxe5 11. dxe5 Nd7 12. Bxe7 Qxe7 13. c4 Nxe5 14. cxd5 exd5 15. Qxd5+ Kh8 16. Nf3 Nxf3+ 17. Bxf3 c6 18. Qa5 Be6 1/2-1/2

[Event "Pelaro op"]
[Site "Pelaro"]
[Date "2002.06.12"]
[Round "5"]
[White "Labuckas, Aidas"]
[Black "Smetankin, Stanislav"]
[Result "1-0"]
[WhiteElo "2355"]
[BlackElo "2455"]
[PlyCount "55"]
[EventDate "2002.06.08"]
[EventType "swiss"]
[EventRounds "5"]
[EventCountry "SWE"]
[SourceTitle "EXT 2003"]
[Source "ChessBase"]
[SourceDate "2002.11.25"]
[SourceVersion "1"]
[SourceVersionDate "2002.11.25"]
[SourceQuality "1"]

1. e4 c5 2. Nf3 d6 3. d4 cxd4 4. Nxd4 Nf6 5. Nc3 a6 6. Be2 e6 7. 0-0 Be7 8. f4 Qc7 9. a4 Nc6 10. Be3 0-0 11. Kh1 Bd7 12. Nb3 b6 13. Bf3 Rab8 14. Qe2 Bc8 15. Qc4 Bb7 16. Nd4 Rfc8 17. Nxe6 fxe6 18. Qxe6+ Kh8 19. Nd5 Nxd5 20. exd5 Nd8 21. Qf5 g6 22. Bd4+ Kg8 23. Qe4 Bf8 24. f5 Qxc2 25. Qe3 Nf7 26. Be4 Bh6 27. fxg6 Bxe3 28. gxh7+ 1-0

[Event "BLR-ch"]
[Site "Minsk"]
[Date "2002.02.21"]
[Round "6"]
[White "Novitzkij, Dmitrij"]
[Black "Smetankin, Stanislav"]
[Result "1/2-1/2"]
[WhiteElo "2429"]
[BlackElo "2472"]
[PlyCount "181"]
[EventDate "2002.02.??"]
[EventType "tourn"]
[EventRounds "11"]
[EventCountry "BLR"]
[SourceTitle "EXT 2004"]
[Source "ChessBase"]
[SourceDate "2003.11.25"]
[SourceVersion "1"]
[SourceVersionDate "2003.11.25"]
[SourceQuality "1"]

1. e4 c5 2. Nc3 Nc6 3. g3 g6 4. Bg2 Bg7 5. d3 Rb8 6. f4 d6 7. Nf3 b5 8. e5 dxe5 9. Nxe5 Nxe5 10. fxe5 Bxe5 11. 0-0 Nf6 12. Bh6 Ng4 13. Qd2 Qd4+ 14. Kh1 Nxh6 15. Qxh6 Bg7 16. Bc6+ Kf8 17. Qd2 b4 18. Ne4 Rb6 19. Qf4 Be6 20. Ng5 Qxf4 21. Nxe6+ Kg8 22. Rxf4 Rxc6 23. Nd8 Rf6 24. Rc4 Rf5 25. Re1 e6 26. Nb7 Bxb2 27. Nxc5 a5 28. Na4 Bf6 29. Rc7 Bd4 30. Rd7 e5 31. Rc7 h5 32. Nc5 h4 33. g4 Rf4 34. h3 Rf3 35. Ne4 f5 36. Ng5 fxg4 37. hxg4 Rf6 38. a3 h3 39. axb4 axb4 40. Rc8+ Rf8 41. Rxf8+ Kxf8 42. Rf1+ Ke7 43. Rf7+ Ke8 44. Rb7 Rh4 45. Ne4 Kd8 46. Nf6 Bc3 47. Kh2 e4 48. Nxe4 Be5+ 49. Kh1 Rxg4 50. Rxb4 g5 51. Rb1 Rg2 52. Rf1 Rh2+ 53. Kg1 Rxc2 54. d4 Bxd4+ 55. Kh1 Be5 56. Nxg5 Rh2+ 57. Kg1 Rg2+ 58. Kh1 Rxg5 59. Rf8+ Ke7 60. Re8+ Kf6 61. Rf8+ Ke6 62. Re8+ Kf5 63. Rf8+ Ke4 64. Rf3 Bg3 65. Rb3 Kf4 66. Rb4+ Kf3 67. Rb3+ Kg4 68. Rb4+ Bf4 69. Rb1 Rc5 70. Rg1+ Bg3 71. Rb1 Rc2 72. Rb4+ Bf4 73. Rb1 Kf3 74. Rf1+ Kg3 75. Rg1+ Rg2 76. Re1 Rh2+ 77. Kg1 Bd2 78. Re8 Rg2+ 79. Kh1 Rf2 80. Rg8+ Kf3 81. Rg1 Bf4 82. Rb1 Be3 83. Re1 Ra2 84. Rf1+ Bf2 85. Rb1 Ra8 86. Rc1 h2 87. Rb1 Rg8 88. Rb7 Be3 89. Rf7+ Bf4 90. Rg7 Ra8 91. Ra7 1/2-1/2

[Event "BLR-ch"]
[Site "Minsk"]
[Date "2002.02.17"]
[Round "2"]
[White "Zhigalko, Sergei"]
[Black "Smetankin, Stanislav"]
[Result "1/2-1/2"]
[WhiteElo "2316"]
[BlackElo "2472"]
[PlyCount "117"]
[EventDate "2002.02.??"]
[EventType "tourn"]
[EventRounds "11"]
[EventCountry "BLR"]
[SourceTitle "EXT 2004"]
[Source "ChessBase"]
[SourceDate "2003.11.25"]
[SourceVersion "1"]
[SourceVersionDate "2003.11.25"]
[SourceQuality "1"]

1. e4 c5 2. c3 Nf6 3. e5 Nd5 4. Nf3 Nc6 5. Bc4 Nb6 6. Bb3 d5 7. exd6 Qxd6 8. d4 cxd4 9. cxd4 Be6 10. Nc3 Bxb3 11. Qxb3 e6 12. 0-0 Be7 13. Rd1 Nb4 14. Ne5 0-0 15. a3 Nc6 16. Nf3 Rfd8 17. Be3 Na5 18. Qb5 Nac4 19. Bg5 a6 20. Bxe7 Qxe7 21. Qb3 Qc7 22. Rac1 Na5 23. Qb4 Nc6 24. Qc5 Nd7 25. Qg5 h6 26. Qe3 Nf6 27. Ne5 Nxe5 28. Qxe5 Rac8 29. h3 Qd7 30. Rd3 Rc6 31. Rcd1 Rd6 32. Rg3 Kf8 33. Rgd3 Qe7 34. Rg3 R6d7 35. Rgd3 Qd6 36. Qa5 Kg8 37. R3d2 Qf4 38. Qb6 Ne4 39. Nxe4 Qxe4 40. Rd3 Rd6 41. Qc5 Rd5 42. Qb6 R8d7 43. Re3 Qc2 44. Qb3 Qxb3 45. Rxb3 e5 46. Kf1 h5 47. h4 exd4 48. Ke2 b5 49. Rf3 f5 50. Kd3 g6 51. Rc1 R5d6 52. Rf4 Kg7 53. g3 Re6 54. Rc2 Red6 55. Re2 Kf6 56. Rc2 g5 57. hxg5+ Kxg5 58. Rc5 Rf6 59. Re5 1/2-1/2

[Event "Polanica Zdroj op"]
[Site "Polanica Zdroj"]
[Date "2001.08.22"]
[Round "7"]
[White "Skrzypnik, Maciej"]
[Black "Smetankin, Stanislav"]
[Result "0-1"]
[WhiteElo "2275"]
[BlackElo "2433"]
[PlyCount "84"]
[EventDate "2001.08.16"]
[EventType "swiss"]
[EventRounds "10"]
[EventCountry "POL"]
[SourceTitle "EXT 2002"]
[Source "ChessBase"]
[SourceDate "2001.11.25"]
[SourceVersion "1"]
[SourceVersionDate "2001.11.25"]
[SourceQuality "1"]

1. e4 c5 2. Nf3 d6 3. d4 cxd4 4. Nxd4 Nf6 5. Nc3 a6 6. Bg5 e6 7. f4 Nc6 8. Qd3 Bd7 9. 0-0-0 h6 10. Bh4 g5 11. fxg5 Ng4 12. Kb1 hxg5 13. Bg3 Qf6 14. Nf3 Nge5 15. Nxe5 Nxe5 16. Qd4 Bc6 17. Be2 Be7 18. Rdf1 Qg7 19. Na4 0-0 20. Nb6 Rad8 21. Qe3 Qg6 22. Bd3 Nxd3 23. cxd3 f5 24. exf5 Rxf5 25. Rxf5 Qxf5 26. Qe2 d5 27. b3 Re8 28. Na4 Bf6 29. Rf1 Qg6 30. Nb2 e5 31. a4 e4 32. dxe4 Rxe4 33. Qc2 Kg7 34. Re1 d4 35. Ka2 Rxe1 36. Qxg6+ Kxg6 37. Bxe1 Bxg2 38. Bg3 Bf1 39. Kb1 Kf5 40. Kc2 Ke4 41. Kd2 Bg7 42. Ke1 Bd3 0-1